000 00696nam a2200241 i 4500
001 16273
003 ES-MaACL
005 20250530063007.0
007 t|
008 000823s1996 sp ||||1| spa d
020 _a84-921422-1-9
080 _a821.134.2-31"19"
100 1 _aMingote, Antonio,
_d1919-2012
_9240761
245 1 4 _aLas palmeras de cartón /
_cAntonio Mingote ; introducción de Rafael Conte.
250 _a1ª ed.
260 _aMadrid :
_bViamonte,
_c1996.
300 _a184 p. ;
_c22 cm.
490 1 _aReencuentros ;
_v2
700 1 _aConte, Rafael.
_940270
830 0 _aReencuentros ;
_v2
_9179998
852 _aES-MaACL
_jL-23492
999 _c16273
_d16273